[Event "AUTO-MASTER-3285"]
[Site "http://www.queenalice.com/game.php?id=1864375"]
[Date "2025.10.16"]
[Round "1"]
[White "JailtonMaster"]
[Black "IranSilva"]
[Result "1-0"]
[WhiteElo "2186"]
[BlackElo "2284"]

1. d4 d5 2. c4 c6 3. Nc3 Bf5 4. Nf3 e6 5. e3 Nf6 6. Be2 Bd6 7. O-O Nbd7 8. cxd5
exd5 9. Re1 O-O 10. a3 Re8 11. Bd3 Bxd3 12. Qxd3 Ne4 13. Nd2 Nxc3 14. bxc3 Qh4
15. h3 Nf6 16. Nf3 Qh5 17. Rb1 Re7 18. Nd2 Rae8 19. c4 b6 20. cxd5 Nxd5 21. Nf3
Nf4 22. Qd1 Nd5 23. Qc2 Re6 24. e4 Bf4 25. Bb2 Nf6 26. d5 cxd5 27. Bxf6 dxe4 28.
Nd4 Rxf6 29. Rxe4 Rxe4 30. Qc8+ 1-0

[Event "AUTO-MASTER-3285"]
[Site "http://www.queenalice.com/game.php?id=1864394"]
[Date "2025.10.16"]
[Round "1"]
[White "JailtonMaster"]
[Black "chessman"]
[Result "0-1"]
[WhiteElo "2201"]
[BlackElo "2004"]

1. d4 d5 2. c4 c6 3. Nc3 Nf6 4. Bg5 e6 5. Nf3 Be7 6. e3 O-O 7. Be2 a6 8. O-O Re8
9. Rc1 Nbd7 10. cxd5 exd5 11. Qc2 h6 12. Bh4 Nf8 13. Bd3 Be6 14. e4 dxe4 15.
Nxe4 Nxe4 16. Bxe7 Qxe7 17. Bxe4 Bxa2 18. Rfe1 Be6 19. Ne5 Rad8 20. Nc4 Rxd4 21.
Qc3 Rxc4 22. Qxg7+ Kxg7 0-1

[Event "AUTO-MASTER-3285"]
[Site "http://www.queenalice.com/game.php?id=1864395"]
[Date "2025.10.16"]
[Round "1"]
[White "chessman"]
[Black "JailtonMaster"]
[Result "1-0"]
[WhiteElo "2086"]
[BlackElo "2224"]

1. e4 e5 2. Nf3 Nc6 3. Bb5 a6 4. Ba4 Nf6 5. O-O Be7 6. Re1 b5 7. Bb3 O-O 8. d4
exd4 9. e5 Ne8 10. Nbd2 Na5 11. Bd5 Nc6 12. Nb3 Kh8 13. Nfxd4 Bb7 14. Bxc6 dxc6
15. Nf5 Bc8 16. Qxd8 Bxd8 17. Ng3 Be7 18. Be3 Be6 19. Nc5 Bxc5 20. Bxc5 Rg8 21.
Ne4 g6 22. Be7 Ng7 23. a3 h6 24. Rad1 Nh5 25. Nc5 Rae8 26. Nxe6 Rxe7 27. Nc5 a5
28. g3 Rge8 29. f4 Ng7 30. Rd2 Nf5 31. Red1 Ne3 32. Rb1 g5 33. Kf2 Nd5 34. Kf3
f6 35. e6 f5 36. Re1 g4+ 37. Kg2 Nf6 38. c4 bxc4 39. Rc1 Ne4 40. Nxe4 fxe4 41.
f5 Kg7 42. Rxc4 Kf6 43. Rf2 Rd8 44. Rxe4 Rd5 45. Ref4 h5 46. h3 Rg7 47. hxg4
hxg4 48. Rc2 Rb5 49. b4 axb4 50. axb4 Rxf5 51. Rxc6 Re7 52. Rxg4 Rxe6 53. Rg6+
Kxg6 54. Rxe6+ Kg5 55. Rc6 Rb5 56. Rc5+ 1-0